Statistics for Germany or Liechtenstein

Click here to take the quiz!

General Stats

  • This quiz has been taken 42 times
    (25 since last reset)
  • The average score is 5 of 10

Answer Stats

QuestionAnswer% Correct
Speaks GermanBoth
92%
Is landlocked countryLiechtenstein
92%
Borders 9 other countriesGermany‘
85%
Has hosted the OlympicsGermany
69%
Has a free market systemBoth
54%
Was in the Austro-Prussian Warboth
46%
Was part of the confederation of the RhineBoth
38%
Has won 10 olympic medalsLiechtenstein
23%
has the second highest per capita income in the worldGermany
8%
Created CURTABoth
0%

Score Distribution

Percentile by Number Answered

Percent of People with Each Score

Your Score History

You have not taken this quiz since the last reset